| 000 | 02232nam a2200397 c 4500 | ||
|---|---|---|---|
| 003 | BLK | ||
| 005 | 20230419093538.0 | ||
| 008 | 180409b bul|||||r ||||||| ||bul|| | ||
| 010 | _aKNG00109736000 | ||
| 020 |
_a954-715-166-5 _bиздат.: Варненски свободен унив. Черноризец Храбър |
||
| 040 | _aBLK | ||
| 041 |
_aBUL _cBUL |
||
| 080 |
_aОргани на обществения ред. Полиция. Обществена власт. Доброволни отреди. Държавна сигурност. Милиция. Дейност на полицията по вътрешно разузнаване _b351.74 _x(091) _z351.74(091) |
||
| 080 |
_aКонституции. Законодателни събрания. Народни събрания _b342.4 _x _z342.4 |
||
| 080 |
_aГраждански контрол. Омбудсман. Контрол за общественото управление. Контрол от страна на самата администрация, от съда, парламента _b351.9 _x _z351.9 |
||
| 100 | 1 |
_aХристов, Петър _eпърви автор _9368375 |
|
| 139 |
_aХристов, Петър _bХ 78 |
||
| 245 | 1 | 0 |
_aРазузнавателна защита на конституционния ред _bИст. ретроспекция ; Проблеми на орг. и общ. контрол _cПетър Христов. |
| 250 | _a2. изд. | ||
| 257 | _aBGR | ||
| 260 |
_аВарна _bВарненски свободен унив. Черноризец Храбър _c2003 _fВарна : График |
||
| 300 |
_a180 с. _bсъс сх. _c20 см |
||
| 380 | _a3 | ||
| 650 | 4 |
_aРазузнаване - история _9270054 |
|
| 650 | 4 |
_aКонституционно право _9269342 |
|
| 650 | 4 |
_aНационална сигурност - България _9266540 |
|
| 650 | 4 |
_aОбществен контрол _9257433 |
|
| 653 | _aКонституционно управление | ||
| 653 | _aнационална сигурност | ||
| 653 | _aобществен ред | ||
| 852 | _aЦб 217214 | ||
| 856 | 4 |
_qpdf _u |
|
| 856 | 4 |
_qpdf _u |
|
| 942 |
_cKNG _n0 _01 |
||
| 944 |
_aCR _c17.12.2003 _kГеновева_Генчева |
||
| 944 |
_aED _c21.05.2004 _k |
||
| 999 |
_c104628 _d104628 |
||